000 00492nam a2200145Ia 4500
008 151015s9999 xx 000 0 und d
050 _aQA76.15.C65 Z44 2000
245 _aZiegler, Bernard P.
250 _a_Theory of modeling and simulation integrating discrete event and continuous complex dynamic systems
260 _a2nd. ed.
300 _aNew Delhi Academics Press 2000
500 _aincliudes index
650 _a_Modeling and simulation
700 _a^d20101215 04:03:31^oTiampati
999 _c365
_d365